Statistiques concernant Villes hôtes des Jeux Olympiques d'été

Cliquez ici pour prendre le quiz!

Statistiques générales

  • Ce quiz a été pris 41 243 fois
    (20 766 depuis la dernière actualisation)
  • Le résultat moyen est 16 sur 24

Statistiques - réponses

ÉditionsVille% Correct
1900, 1924, 2024Paris
100%
1964, 2020Tokyo
96%
1908, 1948, 2012Londres
95%
2008Pékin
92%
2016Rio de Janeiro
92%
1936Berlin
90%
1896, 2004Athènes
87%
1932, 1984, 2028Los Angeles
85%
1980Moscou
82%
1960Rome
82%
1992Barcelone
79%
2000Sydney
79%
1968Mexico
71%
1988Séoul
60%
1996Atlanta
54%
1972Munich
52%
1928Amsterdam
47%
1976Montréal
44%
1912Stockholm
42%
1952Helsinki
36%
1956Melbourne
34%
2032Brisbane
25%
1920Anvers
24%
1904Saint-Louis
20%

Distribution des résultats

Percentile par nombre de réponses

% des personnes avec chaque résultat

Votre développement - résultats

Vous n’avez pas pris ce quiz depuis la dernière actualisation